000 00253nam a2200109Ia 4500
008 200302s9999 xx 000 0 und d
100 _aKevin Lynch
245 _aSite Planning 2nd ed. (71)
260 _bThe Mit Press
260 _c1982
300 _a384 P.,
999 _c2329
_d2329